| 000 | 00779nam a22002177a 4500 | ||
|---|---|---|---|
| 003 | UA-OsUOA | ||
| 001 | 118649 | ||
| 007 | ta | ||
| 008 | 20160912b un ||||| |||| 00| 0 ukr d | ||
| 100 | _aКузьменко О.Б. | ||
| 090 |
_a330(477) _bК89 |
||
| 942 | _cSA | ||
| 040 |
_aUA-OsUOA _bukr _cUA-OsUOA _dUA-OsUOA |
||
| 245 | _aТрансформація територіальної структури аграрного виробництва України: оцінка стану та пріоритетні напрями корегування | ||
| 300 | _aС.104-112 | ||
| 955 | _a0 | ||
| 041 | _aukr | ||
| 080 | _a330(477) | ||
| 773 | 0 |
_w118645 _tРегіональна економіка _dЛьвів _d2016 _g2 |
|
| 650 | 7 |
_a330 Економіка взагалі _2UDC |
|
| 999 |
_c404739 _d404739 |
||